• 首页
  • 本馆介绍
  • 公告通知
  • 最新文献
  • 馆藏检索
  • 电子资源
  • 读者导购
  • 参考咨询
  • 我的图书馆
  • 登录
  • 详细信息显示
  • 放入我的书架
  • 预约/预借图书
  • 作者相关作品
  • 分类相关作品
  • 丛书相关作品
  • 出版社相关作品

书目信息

  • 表格格式
  • 工作单格式
  • 卡片格式
题名:
全球化与和谐世界
    
 
作者: 梁守德 , 李义虎 主编
分册:  
出版信息: 北京   世界知识出版社  2007
页数: 14,399页
开本: 21cm
丛书名: 国际问题文丛
单 册:
中图分类: D81-53
科图分类:
主题词: 国际化--文集 , 国际化
电子资源:
ISBN: 978-7-5012-3156-0
000 01091oam2 2200277 450
001 1240054469
005 20121005110808.84
010    @a978-7-5012-3156-0@dCNY39.80
100    @a20070318d2007 em y0chiy50 ea
101 0  @achi
102    @aCN@b110000
105    @ay z 000yy
200 1  @a全球化与和谐世界@Aquan qiu hua yu he xie shi jie@dGlobalization and a harmonious world@f梁守德,李义虎主编@zeng
210    @a北京@c世界知识出版社@d2007
215    @a14,399页@d21cm
225 2  @a国际问题文丛
330    @a本书为全国高校国际政治研究会第四届年会暨“全球化与和谐世界”高层论坛的论文集。论文围绕全球化的时代意义、全球化与当代国际关系理论面临的新问题和新进展、全球化条件下的和谐社会与和谐世界,以及全球化条件下两岸关系的和谐构建等重要议题进行了学术探讨。
461  0 @12001 @a国际问题文丛
510 1  @aGlobalization and aharmonious world@zeng
606 0  @a国际化@j文集
606 0  @a国际化
690    @aD81-53@v4
701  0 @a梁守德@Aliang shou de@f(1936.3~)@4主编
701  0 @a李义虎@Ali yi hu@f(1961.1~)@4主编
801  0 @aCN@bNLC@c20101222
905    @a10447@dD81-53@eJY40
    
    全球化与和谐世界=Globalization and a harmonious world/梁守德,李义虎主编.-北京:世界知识出版社,2007
    14,399页;21cm.-(国际问题文丛)
    
    
    ISBN 978-7-5012-3156-0:CNY39.80
    本书为全国高校国际政治研究会第四届年会暨“全球化与和谐世界”高层论坛的论文集。论文围绕全球化的时代意义、全球化与当代国际关系理论面临的新问题和新进展、全球化条件下的和谐社会与和谐世界,以及全球化条件下两岸关系的和谐构建等重要议题进行了学术探讨。
●
相关链接 在E读中查询图书 在五车中查询图书 在当当中查询图书 在豆瓣中查询图书


正题名:全球化与和谐世界     索取号:D81-53/JY40         预约/预借

序号 登录号 条形码 馆藏地/架位号 状态 备注
1 7812633   278126332   学院路分馆/ [索取号:D81-53/JY40] 在馆    
2 7812634   278126341   学院路分馆/ [索取号:D81-53/JY40] 在馆    
唐山师范学院图书馆 欢迎您!
大连网信软件有限公司© 版权所有